000 00519nam a22001937a 4500
003 OSt
005 20140310181751.0
008 130627t xxu||||| |||| 00| 0 eng d
020 _a9830844293
050 _aPE 2839
_b.N176 2000
082 _aFIL 398.9
_bN15 2000
100 _aNandy, Milon
245 _aCommon english :
_bidioms phrases and proverbs /
_cNandy, Milon
260 _aKuala Lumpur, Malaysia :
_bKiddibird Bhd.
_cc2000.
300 _a195 p.
_c18 cm.
562 _e1
942 _2lcc
_cBK
999 _c3204
_d3204